| 000 | 00605nam a22001937a 4500 | ||
|---|---|---|---|
| 005 | 20251108164048.0 | ||
| 008 | 250721s1999 xx 000 0 ara d | ||
| 082 | 1 | 4 | _aم/811.1/تاب |
| 100 | 1 | _aتأبط شراً، أبو زهير ثابت بن جابر | |
| 245 | 1 | 0 | _aديوان تأبط شراً و أخباره / |
| 250 | _aط2 | ||
| 264 | 1 |
_aبيروت : _bدار الغرب الاسلامي، _c1999. |
|
| 300 | _a423ص | ||
| 650 | 1 | 7 | _aالشعر العربي |
| 650 | 1 | 7 | _aالعصر الجاهلي |
| 700 | 1 |
_aذو الفقار، علي _eتحقيق |
|
| 942 |
_2ddc _cREF |
||
| 999 |
_c2638 _d2638 |
||